Oliver (Record no. 15648)
[ view plain ]
| 000 -LEADER | |
|---|---|
| fixed length control field | 02442ngm a22004457a 4500 |
| 006 - FIXED-LENGTH DATA ELEMENTS--ADDITIONAL MATERIAL CHARACTERISTICS--GENERAL INFORMATION | |
| fixed length control field | a|||||s|||||00| 0 |
| 007 - PHYSICAL DESCRIPTION FIXED FIELD--GENERAL INFORMATION | |
| fixed length control field | tz |
| 008 - FIXED-LENGTH DATA ELEMENTS--GENERAL INFORMATION | |
| fixed length control field | 110622s2005cau|||||s|||| 00| 0 eng d |
| 020 ## - INTERNATIONAL STANDARD BOOK NUMBER | |
| International Standard Book Number | 076781326X |
| 024 ## - OTHER STANDARD IDENTIFIER | |
| Standard number or code | 043396021372 |
| 082 ## - DEWEY DECIMAL CLASSIFICATION NUMBER | |
| Edition number | 22 |
| Classification number | 791.4372 |
| Item number | OLI |
| 245 00 - TITLE STATEMENT | |
| Title | Oliver |
| Medium | [videorecording] / |
| Statement of responsibility, etc | Columbia Pictures presents a Romulus Production; screenplay by Vernon Harris ; produced by John Wolf ; directed by Carol Reed |
| 260 ## - PUBLICATION, DISTRIBUTION, ETC. (IMPRINT) | |
| Place of publication, distribution, etc | Culver City, Calif. : |
| Name of publisher, distributor, etc | Columbia TriStar Home Video, 2005 |
| Date of publication, distribution, etc | 2005 |
| 300 ## - PHYSICAL DESCRIPTION | |
| Extent | 1 videodisc (154 min.) : |
| Other physical details | sd., col. ; |
| Dimensions | 4 3/4 in. |
| 500 ## - GENERAL NOTE | |
| General note | Originally produced as a motion picture in 1968. |
| 500 ## - GENERAL NOTE | |
| General note | Based on the stage musical by Lionel Bart, which in turn was based on the book Oliver Twist by Charles Dickens. |
| 500 ## - GENERAL NOTE | |
| General note | Based on the stage musical by Lionel Bart, which in turn was based on the book Oliver Twist by Charles Dickens. |
| 508 ## - CREATION/PRODUCTION CREDITS NOTE | |
| Creation/production credits note | Music and lyrics by Lionel Bart ; director of photography, Oswald Morris ; editor, Ralph Kemplen. |
| 511 ## - PARTICIPANT OR PERFORMER NOTE | |
| Participant or performer note | Ron Moody, Oliver Reed, Harry Secombe, Shani Wallis, Mark Lester, Jack Wild. |
| 520 ## - SUMMARY, ETC. | |
| Summary, etc | A young orphan, Oliver is left to fend for himself until he is befriended by a band of young thieves who quickly train him in their craft. But Oliver is not content to be a thief for he knows that life holds great joys and true happiness cannot be stolen, but must be earned. |
| 521 ## - TARGET AUDIENCE NOTE | |
| Target audience note | Rated G |
| 538 ## - SYSTEM DETAILS NOTE | |
| System details note | DVD; Region 1, NTSC; Dolby digital 5.1.; widescreen format, preserving the 2.35:1 aspect ratio |
| 546 ## - LANGUAGE NOTE | |
| Language note | Dialogue in English with optional soundtrack in French, and optional subtitles in English and French. Closed captioned |
| 586 ## - AWARDS NOTE | |
| Awards note | 6 Academy Awards, Best Picture, Best Director, Best Score Adaptation, Best Art Direction, Best Sound, and Best Choreography (Honorary), 1968 |
| 653 ## - INDEX TERM--UNCONTROLLED | |
| Arrived date list | June2011 |
| -- | June2011 |
| 655 ## - INDEX TERM--GENRE/FORM | |
| Genre/form data or focus term | Musical films |
| 655 ## - INDEX TERM--GENRE/FORM | |
| Genre/form data or focus term | Feature films |
| 700 ## - ADDED ENTRY--PERSONAL NAME | |
| 9 (RLIN) | 25748 |
| Personal name | Moody, Ron |
| Relator term | act |
| 700 ## - ADDED ENTRY--PERSONAL NAME | |
| 9 (RLIN) | 25749 |
| Personal name | Reed, Oliver |
| Dates associated with a name | 1938-1999 |
| Relator term | act |
| 700 ## - ADDED ENTRY--PERSONAL NAME | |
| 9 (RLIN) | 25750 |
| Personal name | Secombe, Harry |
| Relator term | act |
| 700 ## - ADDED ENTRY--PERSONAL NAME | |
| 9 (RLIN) | 25751 |
| Personal name | Wallis, Shani |
| Relator term | act |
| 700 ## - ADDED ENTRY--PERSONAL NAME | |
| 9 (RLIN) | 25752 |
| Personal name | Lester, Mark |
| Relator term | act |
| 700 ## - ADDED ENTRY--PERSONAL NAME | |
| 9 (RLIN) | 25753 |
| Personal name | Wild, Jack |
| Relator term | act |
| 700 ## - ADDED ENTRY--PERSONAL NAME | |
| 9 (RLIN) | 25754 |
| Personal name | Bart, Lionel |
| Relator term | cmp |
| 700 ## - ADDED ENTRY--PERSONAL NAME | |
| 9 (RLIN) | 25755 |
| Personal name | Reed, Carol |
| Dates associated with a name | 1906-1976. |
| Relator term | drt |
| 700 ## - ADDED ENTRY--PERSONAL NAME | |
| 9 (RLIN) | 25756 |
| Personal name | Harris, Vernon |
| Relator term | aus |
| 700 ## - ADDED ENTRY--PERSONAL NAME | |
| 9 (RLIN) | 7486 |
| Personal name | Dickens, Charles, |
| Dates associated with a name | 1812-1870. |
| Title of a work | Oliver Twist |
| 710 ## - ADDED ENTRY--CORPORATE NAME | |
| 9 (RLIN) | 25048 |
| Corporate name or jurisdiction name as entry element | Columbia Pictures Corporation |
| 942 ## - ADDED ENTRY ELEMENTS (KOHA) | |
| Source of classification or shelving scheme | Dewey Decimal Classification |
| Item type | CD | DVD - Movie (NB) |
| Withdrawn status | Lost status | Source of classification or shelving scheme | Damaged status | Not for loan | Koha collection | Location (home branch) | Sublocation or collection (holding branch) | Shelving location | Date acquired | Source of acquisition | Cost, normal purchase price | Invoice Number | Koha issues (times borrowed) | Koha full call number | Piece designation (barcode) | Koha date last seen | Price effective from | Koha item type |
|---|---|---|---|---|---|---|---|---|---|---|---|---|---|---|---|---|---|---|
| Dewey Decimal Classification | Baccah | Central Library | Central Library | Second Floor | 22/06/2011 | 149.00 | 12512 | 791.4372 OLI | 000024273 | 24/08/2022 | 22/06/2011 | CD | DVD - (NB) |